Para que no me olvides

Αποθηκεύτηκε σε:
Λεπτομέρειες βιβλιογραφικής εγγραφής
Κύριος συγγραφέας: Serrano, Marcela (Συγγραφέας)
Μορφή: Βιβλίο
Γλώσσα:Ισπανικά
Έκδοση: Santiago Aguilar Chilena Ediciones Ltda 1998
Θέματα:
Ετικέτες: Προσθήκη ετικέτας
Δεν υπάρχουν, Καταχωρήστε ετικέτα πρώτοι!

MARC

LEADER 00000nam a2200000 a 4500
001 UCL3501
003 CL-VaPUC
008 031128e19980000CL |||||||||||||||||spa|d
020 |a 9681904087 
082 0 4 |a Ch863  |b SER  |2 21 
100 0 |a Serrano, Marcela  |e author  |9 480790 
245 1 0 |a Para que no me olvides 
300 |a 252 p 
942 |c BK 
945 |d 20031128 00:00:00  |a cmena 
260 |a Santiago  |b Aguilar Chilena Ediciones Ltda  |c 1998 
650 0 |a Novelas chilenas   |9 265425 
650 0 |a Literatura chilena   |9 308278 
583 |a last modification  |c 20031128 00:00:00  |k Rodrigo Vera 
999 |c 306534  |d 306532